NBA - Les 15 Derniers Meilleurs Rookies - Statistiques

Statistiques générales
  • Ce quiz a été pris 2 204 fois
    684 depuis la dernière actualisation
  • Le résultat moyen est 11 sur 15
Statistiques - réponses
Saison Franchise Nationalité Joueur % Correct
2023/2024 San Antonio Spurs France Victor Wembanyama
99%
2018/2019 Dallas Mavericks Slovénie Luka Doncic
95%
2019/2020 Memphis Grizzlies États-Unis Ja Morant
91%
2020/2021 Charlotte Hornets États-Unis LaMelo Ball
91%
2022/2023 Orlando Magic États-Unis Paolo Banchero
89%
2023/2024 San Antonio Spurs États-Unis Stephon Castle
88%
2015/2016 Minnesota Timberwolves République Dominicaine Karl-Anthony Towns
80%
2012/2013 Portland Trail Blazers États-Unis Damian Lillard
77%
2011/2012 Cleveland Cavaliers États-Unis Kyrie Irving
77%
2021/2022 Toronto Raptors États-Unis Scottie Barnes
76%
2017/2018 Philadelphie 76ers Australie Ben Simmons
74%
2010/2011 Los Angeles Clippers États-Unis Blake Griffin
67%
2014/2015 Minnesota Timberwolves Canada Andrew Wiggins
56%
2016/2017 Milwaukee Bucks États-Unis Malcolm Brogdon
34%
2013/2014 Philadelphie 76ers États-Unis Michael Carter-Williams
30%
Aucun quiz correspondant
Distribution des résultats
% des personnes avec chaque résultat
Percentile par nombre de réponses
Votre historique - résultats
Vous n’avez pas pris ce quiz depuis la dernière actualisation